000 00782nam a2200229 a 4500
001 000016872
005 20200929164957.0
008 100311s1947 sp 000 d spa d
040 _aDO-SdBNP
_bspa
_cBNPHU
082 _a862.5
_bH338a
100 1 _aHartzenbusch, Juan Eugenio,
_d1806-1880
_924792
245 1 4 _aLos amantes de teruel. La jura en Santa Gadea /
_cJ. E. Hartzenbusch ; introducción y notas de Álvaro Gil Albacete.
260 _aMadrid :
_bEspasa-Calpe,
_c1947.
300 _axxxvii, 209, [5] p. ;
_c18 cm.
490 1 _aClásicos castellanos
_v113
650 4 _aTeatro español
_93071
650 4 _aLiteratura española
_9632
700 1 _aGil Albacete, Álvaro,
_eintrod.
_937349
830 0 _aClásicos castellanos ;
_v113
_94180
910 _aWM
049 _aBNGR
999 _c16404
_d16404